| 000 | 00656nam a2200217Ia 4500 | ||
|---|---|---|---|
| 003 | GCL | ||
| 008 | 140319s9999 xx 000 0 eng d | ||
| 020 | _a9004097449 | ||
| 040 |
_aGCL / _cGCL |
||
| 082 | 0 | 4 |
_aCC _b746.92 _bV P |
| 100 | 1 | _aVOGELSANG - EASTWOOD, GILLIAN | |
| 245 | 1 | 0 |
_aPHARONIC EGYPTIAN CLOTHING / _cVOGELSANG - EASTWOOD, GILLIAN |
| 260 |
_aهولندا : _bE.J.BRILL ، _c1993 |
||
| 300 |
_a195P.,31PLATES _bILL ؛ _c30 cm. |
||
| 490 |
_aSTUDIES IN TEXTILE AND COSTUME HISTORY _v2 |
||
| 650 | 0 | 4 | _aCOSTUME - EGYPT - HISTORY |
| 650 | 0 | 4 | _aCOSTUME - HISTORY - 500 |
| 650 | 0 | 4 | _aANCIENT EGYPT |
| 650 | 0 | 4 | _aEGYPTOLOGY |
| 942 |
_2ddc _cBK |
||
| 999 |
_c14239 _d14239 |
||